|
|
|
|
| LEADER |
00000nam a2200000Ii 4500 |
| 001 |
DIGEUDE108 |
| 003 |
NyNyDIG |
| 006 |
m o d |
| 007 |
cr ||||||||||| |
| 008 |
230712s2015 ag a ob 000 0 spa d |
| 035 |
|
|
|a (OCoLC)1393996958
|
| 040 |
|
|
|a DGITA
|b eng
|e rda
|e pn
|c DGITA
|
| 020 |
|
|
|a 9789502319315
|q eBook
|
| 020 |
|
|
|z 9789502318615
|
| 043 |
|
|
|a s-ag---
|
| 050 |
1 |
4 |
|a Q150.2.A7 ebook
|
| 245 |
0 |
0 |
|a Más allá de la fuga de cerebros :
|b movilidad, migración y diásporas de argentinos calificados /
|c Lucas Luchilo, coordinador.
|
| 250 |
|
|
|a 1ra edición.
|
| 264 |
|
1 |
|a Ciudad de Buenos Aires :
|b Eudeba,
|c [2015]
|
| 300 |
|
|
|a 1 online resource :
|b illustrations.
|
| 336 |
|
|
|a text
|b txt
|2 rdacontent
|
| 337 |
|
|
|a computer
|b c
|2 rdamedia
|
| 338 |
|
|
|a online resource
|b cr
|2 rdacarrier
|
| 347 |
|
|
|a text file
|2 rdaft
|
| 347 |
|
|
|b EPUB
|
| 504 |
|
|
|a Includes bibliographical references.
|
| 588 |
0 |
|
|a Online resource; title from ePub title page (Digitalia, viewed July 12, 2023)
|
| 650 |
|
0 |
|a Brain drain
|z Argentina.
|
| 650 |
|
0 |
|a Scientists
|z Argentina.
|
| 650 |
|
0 |
|a Engineers
|z Argentina.
|
| 651 |
|
0 |
|a Argentina
|x Emigration and immigration.
|
| 700 |
1 |
|
|a Luchilo, Lucas,
|e editor.
|
| 791 |
2 |
|
|a Digitalia (Firm),
|e distributor.
|
| 793 |
0 |
|
|g Digitalia eBook Collection:
|a Eudeba
|
| 776 |
0 |
8 |
|i Print version:
|t Más allá de la fuga de cerebros.
|b 1o ed.
|d Ciudad de Buenos Aires : Eudeba, [2015]
|z 9789502318615
|
| 856 |
4 |
0 |
|3 Digitalia Hispánica
|u https://www.digitaliapublishing.com/a/128285/
|
| 910 |
|
|
|a Premium collection: 2023
|